Music General Knowledge Quiz #1 - Statistics

General Stats
  • This quiz has been taken 48 times
  • The average score is 9 of 15
Answer Stats
Hint Answer % Correct
What band released the album "Abbey Road"? The Beatles
93%
What iconic album did Prince release in 1984? Purple Rain
90%
Which Michael Jackson album is the best-selling album of all time? Thriller
90%
What band's lead singer was Stevie Nicks? Fleetwood Mac
75%
What band released the famous album "The Dark Side of the Moon"? Pink Floyd
75%
Which female artist has won the most Grammy's? Beyonce
68%
What is the name of the album that Adele's hit song "Hello" is on? 25
65%
What rapper released the album "All Eyez On Me"? 2Pac
55%
What is the name of Taylor Swift's Debut album? Taylor Swift
55%
What was the name of Tom Petty's band? The Heartbreakers
53%
What was the name of Bruce Springsteen's band? The E-Street Band
40%
What is the name of Kanye West's debut album he released in 2004? The College Dropout
35%
Who holds the record for the most Grammy's won in one night? Michael Jackson
28%
What was the name of Bob Seger's Band? The Silver Bullet Band
28%
What was the name of the album Drake released in 2016 that had over 1 million first week sales? Views
18%
No matching quizzes found
Score Distribution
Percent of People with Each Score
Percentile by Number Answered
Your Score History
You have not taken this quiz